| 000 | 00394nam a2200133 4500 | ||
|---|---|---|---|
| 082 | 0 | _a307.14 | |
| 100 | 1 | _aAvajani, Fajak; Marinya, Acen & Algattib, Cimbir | |
| 242 | 0 | 0 | _aAgriculture |
| 245 | 1 | 0 |
_aAlaha yƩ sudan _cFajak Avajani; Acen Marinya & Cimbir Algattib |
| 260 |
_aKhartoum _cc.2006 |
||
| 300 | _a36 p. | ||
| 700 | 1 | _aAvajani, Fajak; Marinya, Acen & Algattib, Cimbir | |
| 942 |
_2ddc _cBK |
||
| 999 |
_c64533 _d64507 |
||